| 000 | 01278cam a22003617a 4500 | ||
|---|---|---|---|
| 003 | CHAP | ||
| 005 | 20220329135850.0 | ||
| 008 | 971013s1983 r 00010 d | ||
| 010 | _a43512 | ||
| 011 | _a44484 | ||
| 035 | _a48622 | ||
| 040 | _cCHAP | ||
| 082 |
_a507.2 _bS3 |
||
| 100 | 0 | 0 |
_aSagasti, Francisco R. _9101177 |
| 245 | 1 | 3 |
_aLa política científica y tecnológica en América Latina _b: un estudio del enfoque de sistemas |
| 260 |
_aMéxico, D.F. : _bEl Colegio de México, _c1983 |
||
| 300 |
_a221 p. _b:ilus. ; gráfs. |
||
| 490 | 0 | _aJornadas : 101 | |
| 590 |
_aBATCH-UPD _b10 _c20130109 _lUCH01 _h2313 |
||
| 590 |
_aBATCH-UPD _b10 _c20130110 _lUCH01 _h1208 |
||
| 590 |
_aBATCH-UPD _b10 _c20130410 _lUCH01 _h0748 |
||
| 590 |
_aBATCH-UPD _b10 _c20130914 _lUCH01 _h0933 |
||
| 590 |
_aCONVERSION _b10 _c20130109 _lUCH01 _h1324 |
||
| 650 | 1 | 4 |
_aCiencia. _923107 |
| 650 | 1 | 4 |
_aPolítica científica _xAmérica Latina. _990460 |
| 650 | 1 | 4 |
_aTecnología. _9111937 |
| 830 | 0 |
_aJornadas : 101 _962139 |
|
| 901 | _aBK | ||
| 942 | _cLIBRO | ||
| 949 |
_a507.2 S3 _bBC _cLIBRO _d33724000125340 _eLIBRO _h53645 _i48622 _mD _si |
||
| 949 |
_a507.2 S3 _bBC _cLIBRO _d33724000125472 _eLIBRO _fc.2 _h67064 _i48622 _si |
||
| 949 |
_a507.2 S3 _bBC _cLIBRO _d33724000125621 _eLIBRO _fc.3 _h67065 _i48622 _si |
||
| 999 |
_c43512 _d43512 |
||